000 01710cam a22003251i 4500
003 SA-RiAUC
005 20241221155850.0
008 241220s1980 le g 000 0 ara c
040 _aSD-OmOIU
_bara
_cSA-RiAUC.
_erda
082 0 4 _a228.1
_qSA-RiAUC
090 _a228.1
_bج ك ن
100 1 _aالجكني، أعمر بن محم بوبا
_eمؤلف.
245 1 2 _aالفارق بين رواية ورش وحفص /
_cتأليف عمر بن محمد بوبا الجكني ؛ حققه محمد الأمين بن عبد القادر الجكني الشنقيطي. معه، إتمام الفارق بقراءة نافع / لمحمد الأمين بن عبد القادر الجكني الشنقيطي.
250 _aالطبعة الثالثة.
264 1 _aبيروت :
_bدار الإخاء اللبنانية للطباعة والنشر،
_c[1980]
300 _a179 صفحة ؛
_c24 سم
336 _aنص
_btxt
_2rdacontent
_3كتاب
337 _aبدون وسيط
_bn
_2rdamedia
338 _aمجلد
_bnc
_2rdacarrier
630 2 7 _aالقرآن
_xقراءات
_2aucut
630 2 7 _aالقرآن
_xقراءة حفص
_2aucut
630 2 7 _aالقرآن
_xقراءة ورش
_2aucut
630 2 7 _aالقرآن
_xقراءة نافع
_2aucut
700 1 _aالشنقيطي، محمد الأمين بن محمد المختار بن عبد القادر،
_d1907-1973
_eمحقق.
700 1 2 _aالشنقيطي، محمد الأمين بن محمد المختار بن عبد القادر،
_d1907-1973.
_tإتمام الفارق بقراءة نافع.
730 2 2 _aالقرآن
740 0 2 _aإتمام الفارق بقراءة نافع.
942 _2ddc
_cBOOK
_n0
949 _aSA-JeALM
_d241220
_uosman123
_n1
999 _c3747
_d3747